| 000 | 02401nam a2200373 i 4500 | ||
|---|---|---|---|
| 003 | DO-SdBNP | ||
| 005 | 20250602111506.0 | ||
| 007 | ta | ||
| 008 | 250602b2023 dr a|||| |||| 00| 0 spa d | ||
| 040 |
_aDO-SdBNP _bspa _cBNPHU _erda |
||
| 041 | _aspa | ||
| 082 | 4 |
_axxx _bF293g _222 |
|
| 110 | 1 |
_aFederación Dominicana de Municipios (FEDOMU) _984131 |
|
| 245 | 1 | 0 |
_aGuía para la formulación de los planes municipales de gestión integral de residuos sólidos (PMGIRS) en República Dominicana / _cFederación Dominicana de Municipios ; elaboración, Rafael Lorenzo, Leivan Díaz, Russi Vanessa Reyes, Mario Ángel Rodríguez, Beatriz Alcántara, Elvin López, Camilo Tapia, Manuel Marte ; diagramación, Breanna Rodríguez. |
| 264 |
_aSanto Domingo : _bFederación Dominicana de Municipios (FEDOMU) ; Fondo Andaluz de Municipios para la Solidaridad Internacional (FAMSI), 202 _c2023. |
||
| 300 |
_a61 páginas : _bilustraciones ; _c28 cm. |
||
| 336 |
_atexto _btxt _2rdacontent |
||
| 337 |
_asin mediación _bn _2rdamedia |
||
| 338 |
_avolumen _bnc _2rdacarrier |
||
| 505 | _aPresentación, 6.-- Glosario de términos, 8.-- Fases del ciclo de la gestión de residuos sólidos urbanos, 10.-- Condiciones previas, 12.-- Guía para la elaboración de los planes municipales de gestión integral de residuos sólidos (PMGIRS) : un paso a paso, 14.-- Diagnóstico de la situación actual de la gestión de los residuos en el municipio, 16.-- Lineamientos estratégicos, 46.-- Plan de monitoreo, control y evaluación, 58.-- Socialización, revisión y aprobación de las matrices que conforman los lineamientos del PMGIRS y el plan e monitoreo, control y evaluación. --61 | ||
| 590 | _aInventariado, 2025 /LP | ||
| 700 | 1 |
_aLorenzo, Rafael _eelaboración _4elab. _986517 |
|
| 700 | 1 |
_aDíaz, Leivan _eelaboración _4elab. _987934 |
|
| 700 | 1 |
_aReyes, Russi Vanessa _eelaboración _4elab. _987935 |
|
| 700 | 1 |
_aRodríguez, Mario Ángel _eelaboración _4elab. _987936 |
|
| 700 | 1 |
_aAlcántara, Beatriz _eelaboración _4elab. _984134 |
|
| 700 | 1 |
_aLópez, Elvin _eelaboración _4elab. _987937 |
|
| 700 | 1 |
_aTapia, Camilo _eelaboración _4elab. _987938 |
|
| 700 | 1 |
_aMarte, Manuel _eelaboración _4elab. _987939 |
|
| 700 | 1 |
_aRodríguez, Breanna _ediagramadordi _4di. _987940 |
|
| 710 | 1 |
_aFondo Andaluz de Municipios para la Solidaridad Internacional (FAMSI), 202 2023 _987941 |
|
| 910 | _aLP | ||
| 942 |
_2ddc _cLBS1 |
||
| 999 |
_c59114 _d59114 |
||